00997 a2200181 4500003000500000005001700005040000900022082001200031100003600043245005700079260003900136300001800175505044300193600001800636942002100654999001900675952012100694NUST20221207153944.0 cNust a297,ENA aEnan, Muhammad Abdullah 937272 aDecisive moments in the history of Islam /cM.A.Enan aLahorebArmy education pressc1984 aviii: 388 p.: aThe Arab Outburst (Page-3), Religious Policy Of The Arabs (Page-15), Arab Siege Of Constantinople (Page-31), The Pavement Of The Martyrs (Page-46), The Muslim Invasion Of Rome (Page-95), The Battle Of Manzikert (Page-101), The Idea Of The Crusades (Page-113), The Battle Of Hattin (Page-134), The Battle Of Ainjalut (Page-161), Diplomacy In Islam (Page-227), Decisive Movements (Page-267), Marco Polo (Page-343), Inb Battutha (Page-356).  aIslam9104352 2ddccBKk297,ENA c193649d193649 00102ddc4070aMCSbMCScGENd2016-12-12o297,ENApMCS21871r2016-12-08w2016-12-12yBKzAlmirah No.47, Shelf No.1